Assessing the costs of public participation: A case study of two online participation mechanisms (Record no. 99333)

000 -LEADER
fixed length control field 01179pab a2200181 454500
008 - FIXED-LENGTH DATA ELEMENTS--GENERAL INFORMATION
fixed length control field 180718b2013 xxu||||| |||| 00| 0 eng d
100 ## - MAIN ENTRY--PERSONAL NAME
Personal name Wang, Xiaohu
245 ## - TITLE STATEMENT
Title Assessing the costs of public participation: A case study of two online participation mechanisms
260 ## - PUBLICATION, DISTRIBUTION, ETC.
Date of publication, distribution, etc. 2013
300 ## - PHYSICAL DESCRIPTION
Extent p.179-199.
362 ## - DATES OF PUBLICATION AND/OR SEQUENTIAL DESIGNATION
Dates of publication and/or sequential designation Mar
520 ## - SUMMARY, ETC.
Summary, etc. In 2009, the authors facilitated a citizen-participation process in a local community in Florida in the United States. Using an inductive content analysis across two online participation data sources, the study develops a set of testable propositions about cost functions of public participation. The study shows a nonlinear relationship between administrative costs and participation quantity. It also demonstrates no direct relationship between the costs and participation quality. Moreover, the cost functions vary in different participation mechanisms. These propositions provide a basis for future research to improve cost management in public participation. - Reproduced.
650 ## - SUBJECT ADDED ENTRY--TOPICAL TERM
Topical term or geographic name entry element Workers participation
700 ## - ADDED ENTRY--PERSONAL NAME
Personal name Bryer, Thomas A.
773 ## - HOST ITEM ENTRY
Main entry heading American Review of Public Administration
908 ## - PUT COMMAND PARAMETER (RLIN)
Put command parameter N
909 ## -
-- 99334
Holdings
Withdrawn status Lost status Damaged status Not for loan Permanent Location Current Location Date acquired Serial Enumeration / chronology Barcode Date last seen Price effective from Koha item type
        Indian Institute of Public Administration Indian Institute of Public Administration 2018-07-19 Volume no: 43, Issue no: 2 AR99794 2018-07-19 2018-07-19 Articles

Powered by Koha